| 000 | 00911nas a22002297a 4500 | ||
|---|---|---|---|
| 005 | 20141119145722.0 | ||
| 008 | 140223c19uu9999ua ar ry|||f00| a0eng d | ||
| 043 | _af-ua--- | ||
| 082 | 0 | 4 |
_222 _a338.7402562 _bKOM |
| 245 | 0 | 0 |
_aKompass Egypt finance : _byearbook 2013-2014 issue 16 : listed securities and stocks on the Egyptian exchange and multinational companies in Egypt. |
| 260 |
_aKalyub, Egypt : _bAhram Commercial Press |
||
| 300 |
_aV. : _bill. (some col.) ; _c32 cm. |
||
| 310 | _aAnnual | ||
| 500 | _aIndex : p. 463-495. | ||
| 588 | _aDescription based on : 2013 / 2014. | ||
| 588 | _aLatest issue consulted : Issue 16 (Yearbook 2013 / 2014). | ||
| 650 | 0 |
_aIndustries _zEgypt _vDirectories _935331 |
|
| 650 | 0 |
_aBusiness enterprises _zEgypt _vDirectories _935332 |
|
| 651 | 0 |
_aEgypt _xCommerce _vDirectories _935333 |
|
| 653 |
_bBUSADM _cFebruary2014 |
||
| 942 |
_2ddc _cREFERENCE _k338.7402562 KOM |
||
| 999 |
_c18075 _d18047 |
||